| 000 | 00946nas a2200301 4500 | ||
|---|---|---|---|
| 001 | BR0402924 | ||
| 003 | BR-BrBNA | ||
| 005 | 20231205104647.0 | ||
| 007 | ta | ||
| 008 | 230509b bl.|||p| |||| 00| 00por d | ||
| 040 |
_aBR-BrBNA _bpor _cBiblioteca Nacional de Agricultura |
||
| 041 | _a(Pt) | ||
| 072 | _aS40; S30 | ||
| 100 | 1 | _aMarinho, H.A. | |
| 100 | 1 | _aRoncada, M.J. | |
| 245 | 1 | _aIngestão e hábitos alimentares de pré-escolares de três capitais da Amazônia ocidental brasileira: um enfoque especial à ingestão de vitamina A | |
| 650 | _aESCOLA | ||
| 650 | _aHÁBITO ALIMENTAR | ||
| 650 | _aCONSUMO ALIMENTAR | ||
| 650 | _aVITAMINA A | ||
| 650 | _aZINCO | ||
| 650 | _aPROTEÍNA | ||
| 650 | _aDEFICIÊNCIA NUTRICIONAL | ||
| 650 | _aAMAZONAS | ||
| 773 | 0 |
_tActa Amazônica (Brazil) _xISSN 0044-5967 _g(Apr-Jun 2003), v. 33(2) p. 263-274 _wBR0402924 |
|
| 909 |
_a202311 _bLúcia _c55 _dLúcia Elande |
||
| 942 |
_2AGRIS _n0 _cANA |
||
| 999 |
_c179163 _d179163 |
||